| 000 | 00000nam##2200000za#4500 |
| 001 | 9.698038 |
| 003 | CaOODSP |
| 005 | 20210924140258 |
| 007 | cr ||||||||||| |
| 008 | 150407|2000||||xxc|||||o f|0| 0 eng|d |
| 040 | |aCaOODSP|beng |
| 043 | |an-cn--- |
| 086 | 1 |aRG52-35/2000E-PDF |
| 110 | 1 |aCanada. |bCompetition Bureau. |
| 245 | 10|aImmunity Program under the Competition Act |h[electronic resource] |
| 246 | 1 |iAt head of title : |aCompetition Bureau information bulletin |
| 260 | |aOttawa - Ontario : |bIndustry Canada. |cc2000. |
| 300 | |a13p.|btable |
| 500 | |aThe catalogue number (RG52-35/2000) and ISBN (0-662-65225-8) for the bilingual print edition have been incorrectly copied in this electronic publication. |
| 590 | |a13-15-Supp|b2013-06-24 |
| 690 | 07|aCompetition|2gcpds |
| 690 | 07|aCriminal justice|2gcpds |
| 775 | 08|tProgramme d'immunité en vertu de la Loi sur la concurrence |w(CaOODSP)9.642034 |
| 776 | 0#|tImmunity Program under the Competition Act |w(CaOODSP)9.662151 |
| 776 | 0#|tProgramme d'Immunité en vertu de la Loi sur la concurrence |w(CaOODSP)9.662152 |
| 856 | 40|ahttp://publications.gc.ca|qPDF|s160 KB|uhttps://publications.gc.ca/collections/Collection/RG52-35-2000E.pdf |